Statistics for Idaho County Seats Quiz

Click here to take the quiz!

General Stats

  • This quiz has been taken 112 times
  • The average score is 28 of 44

Answer Stats

CountyCounty Seat% Correct
AdaBoise
96%
BannockPocatello
96%
Twin FallsTwin Falls
96%
Nez PerceLewiston
91%
JeromeJerome
91%
KootenaiCoeur d'Alene
87%
LatahMoscow
87%
CanyonCaldwell
83%
ElmoreMountain Home
83%
MadisonRexburg
83%
BonnevilleIdaho Falls
83%
GoodingGooding
83%
BoundaryBonners Ferry
78%
ButteArco
74%
PayettePayette
74%
LemhiSalmon
70%
BoiseIdaho City
70%
BlaineHailey
70%
CassiaBurley
65%
LincolnShoshone
65%
FranklinPreston
65%
IdahoGrangeville
61%
GemEmmett
61%
WashingtonWeiser
61%
BonnerSandpoint
61%
BinghamBlackfoot
61%
FremontSt. Anthony
61%
MinidokaRupert
57%
JeffersonRigby
57%
CaribouSoda Springs
52%
LewisNezperce
52%
PowerAmerican Falls
52%
Bear LakeParis
48%
OneidaMalad City
43%
OwyheeMurphy
43%
TetonDriggs
43%
ValleyCascade
43%
ClarkDubois
39%
ClearwaterOrofino
39%
AdamsNew Meadows
39%
CamasFairfield
30%
CusterChallis
30%
BenewahSt. Maries
30%
ShoshoneWallace
26%

Score Distribution

Percentile by Number Answered

Percent of People with Each Score

Your Score History

You have not taken this quiz